{"text_format":"3","workbook":"xlsx","n_sheets":1,"sheets":["t355"],"read":"whole","date_system":"1900"}

{"sheet":"t355","index":0,"n_rows":185,"n_cols":7,"rows_kept":185,"merged":[[0,0,0,6],[28,0,28,5],[44,0,44,5],[163,0,163,5]]}
["TABELA 355.1 - Estatísticas Agrícolas, Município de Morro Agudo, Estado de São Paulo, 2016/17."]
["ITEM","UNIDADE","N.DE UPAs","MÍNIMO","MÉDIO","MÁXIMO","TOTAL"]
["Distância à sede do município","km",732,{"v":0,"d":"0.0"},{"v":15.65,"d":"15.7"},{"v":50,"d":"50.0"},"-"]
["Área total","hectare",732,{"v":1,"d":"1.0"},{"v":186.04,"d":"186.0"},{"v":3603.9,"d":"3,603.9"},{"v":136181.47,"d":"136,181.5"}]
["Área com cultura perene","hectare",2,{"v":7,"d":"7.0"},9.5,{"v":12,"d":"12.0"},{"v":19,"d":"19.0"}]
["Área com cultura temporária","hectare",723,0.3,{"v":159.54,"d":"159.5"},{"v":2416.78,"d":"2,416.8"},{"v":115348.68,"d":"115,348.7"}]
["Área com pastagem","hectare",182,0.5,32.1,{"v":614,"d":"614.0"},{"v":5842.1,"d":"5,842.1"}]
["Área com reflorestamento","hectare",11,{"v":1,"d":"1.0"},{"v":22.85,"d":"22.9"},{"v":174,"d":"174.0"},251.4]
["Área com vegetação natural","hectare",334,0.2,{"v":22.71,"d":"22.7"},{"v":1047,"d":"1,047.0"},{"v":7586.21,"d":"7,586.2"}]
["Área com vegetação de brejo e várzea","hectare",120,0.2,{"v":23.66,"d":"23.7"},513.5,{"v":2838.9,"d":"2,838.9"}]
["Área em descanso","hectare",12,1.2,{"v":6.84,"d":"6.8"},{"v":20,"d":"20.0"},82.1]
["Área complementar","hectare",636,{"v":0.05,"d":"0.1"},{"v":6.62,"d":"6.6"},218.3,{"v":4213.08,"d":"4,213.1"}]
["Área das UPAs com (0, 1] ha","hectare",1,{"v":1,"d":"1.0"},{"v":1,"d":"1.0"},{"v":1,"d":"1.0"},{"v":1,"d":"1.0"}]
["Área das UPAs com (1, 2] ha","hectare",1,1.1,1.1,1.1,1.1]
["Área das UPAs com (2, 5] ha","hectare",11,2.4,{"v":3.65,"d":"3.7"},{"v":5,"d":"5.0"},40.1]
["Área das UPAs com (5, 10] ha","hectare",37,5.4,{"v":8.75,"d":"8.8"},{"v":10,"d":"10.0"},{"v":323.73,"d":"323.7"}]
["Área das UPAs com (10, 20] ha","hectare",64,10.2,{"v":15.98,"d":"16.0"},19.6,{"v":1022.79,"d":"1,022.8"}]
["Área das UPAs com (20, 50] ha","hectare",152,20.4,{"v":33.89,"d":"33.9"},{"v":50,"d":"50.0"},{"v":5151.9,"d":"5,151.9"}]
["Área das UPAs com (50, 100] ha","hectare",148,51.4,{"v":71.92,"d":"71.9"},97.7,{"v":10643.51,"d":"10,643.5"}]
["Área das UPAs com (100, 200] ha","hectare",140,101.6,{"v":145.18,"d":"145.2"},199.2,{"v":20325.72,"d":"20,325.7"}]
["Área das UPAs com (200, 500] ha","hectare",109,202.1,{"v":303.61,"d":"303.6"},{"v":498,"d":"498.0"},{"v":33093.91,"d":"33,093.9"}]
["Área das UPAs com (500, 1.000] ha","hectare",52,507.4,{"v":677.28,"d":"677.3"},962.3,{"v":35218.54,"d":"35,218.5"}]
["Área das UPAs com (1.000, 2.000] ha","hectare",12,{"v":1001.5,"d":"1,001.5"},{"v":1387.76,"d":"1,387.8"},{"v":1747.7,"d":"1,747.7"},{"v":16653.1,"d":"16,653.1"}]
["Área das UPAs com (2.000, 5.000] ha","hectare",5,{"v":2025.5,"d":"2,025.5"},{"v":2741.21,"d":"2,741.2"},{"v":3603.9,"d":"3,603.9"},{"v":13706.07,"d":"13,706.1"}]
["Área das UPAs com (5.000, 10.000] ha","hectare","-","-","-","-","-"]
["Área das UPAs acima de 10.000 ha","hectare","-","-","-","-","-"]
["Fonte: Secretaria de Agricultura e Abastecimento, CDRS/IEA, Projeto LUPA."]
[]
["TABELA 355.2 - Explorações Animais, Município de Morro Agudo, Estado de São Paulo, 2016/17."]
["ITEM","UNIDADE","N.DE UPAs","MÍNIMO","MÉDIO","MÁXIMO","TOTAL"]
["Asininos e muares","cabecas",3,{"v":1,"d":"1.0"},{"v":17,"d":"17.0"},{"v":45,"d":"45.0"},{"v":51,"d":"51.0"}]
["Avicultura de corte","cabecas/ano",4,{"v":500,"d":"500.0"},{"v":187625,"d":"187,625.0"},{"v":384000,"d":"384,000.0"},{"v":750500,"d":"750,500.0"}]
["Avicultura para ovos","cabecas",2,{"v":700,"d":"700.0"},{"v":16350,"d":"16,350.0"},{"v":32000,"d":"32,000.0"},{"v":32700,"d":"32,700.0"}]
["Bovinocultura de corte","cabecas",91,{"v":5,"d":"5.0"},{"v":76.04,"d":"76.0"},{"v":1029,"d":"1,029.0"},{"v":6920,"d":"6,920.0"}]
["Bovinocultura leiteira","cabecas",49,{"v":2,"d":"2.0"},{"v":14.41,"d":"14.4"},{"v":146,"d":"146.0"},{"v":706,"d":"706.0"}]
["Bovinocultura mista","cabecas",21,{"v":1,"d":"1.0"},{"v":31.57,"d":"31.6"},{"v":264,"d":"264.0"},{"v":663,"d":"663.0"}]
["Caprinocultura","cabecas",1,{"v":180,"d":"180.0"},{"v":180,"d":"180.0"},{"v":180,"d":"180.0"},{"v":180,"d":"180.0"}]
["Equinocultura","cabecas",24,{"v":1,"d":"1.0"},{"v":22.17,"d":"22.2"},{"v":126,"d":"126.0"},{"v":532,"d":"532.0"}]
["Ooutra exploracao animal","cabecas",1,{"v":100,"d":"100.0"},{"v":100,"d":"100.0"},{"v":100,"d":"100.0"},{"v":100,"d":"100.0"}]
["Ovinocultura","cabecas",8,{"v":20,"d":"20.0"},{"v":65,"d":"65.0"},{"v":180,"d":"180.0"},{"v":520,"d":"520.0"}]
["Piscicultura","m2 tanques",5,{"v":500,"d":"500.0"},{"v":16400,"d":"16,400.0"},{"v":46000,"d":"46,000.0"},{"v":82000,"d":"82,000.0"}]
["Suinocultura","cabecas",2,{"v":14,"d":"14.0"},{"v":32,"d":"32.0"},{"v":50,"d":"50.0"},{"v":64,"d":"64.0"}]
["Fonte: Secretaria de Agricultura e Abastecimento, CDRS/IEA, Projeto LUPA."]
[]
["TABELA 355.3 -  Máquinas, Implementos e Benfeitorias, Município de Morro Agudo, Estado de São Paulo, 2016/17."]
["ITEM","UNIDADE","N.DE UPAs","MÍNIMO","MÉDIO","MÁXIMO","TOTAL"]
["Arado comum (bacia, aiveca)","unidade",30,{"v":1,"d":"1.0"},{"v":1.73,"d":"1.7"},{"v":7,"d":"7.0"},{"v":52,"d":"52.0"}]
["Arado escarificador","unidade",96,{"v":1,"d":"1.0"},{"v":2.02,"d":"2.0"},{"v":10,"d":"10.0"},{"v":194,"d":"194.0"}]
["Arado subsolador","unidade",61,{"v":1,"d":"1.0"},{"v":1.28,"d":"1.3"},{"v":5,"d":"5.0"},{"v":78,"d":"78.0"}]
["Batedeira de cereais","unidade",5,{"v":1,"d":"1.0"},1.2,{"v":2,"d":"2.0"},{"v":6,"d":"6.0"}]
["Camara fria","unidade",2,{"v":1,"d":"1.0"},{"v":1,"d":"1.0"},{"v":1,"d":"1.0"},{"v":2,"d":"2.0"}]
["Carregadeira de cana","unidade",41,{"v":1,"d":"1.0"},{"v":1.78,"d":"1.8"},{"v":10,"d":"10.0"},{"v":73,"d":"73.0"}]
["Carreta de trator","unidade",8,{"v":1,"d":"1.0"},{"v":2.13,"d":"2.1"},{"v":7,"d":"7.0"},{"v":17,"d":"17.0"}]
["Colhedeira acoplada","unidade",4,{"v":1,"d":"1.0"},{"v":1,"d":"1.0"},{"v":1,"d":"1.0"},{"v":4,"d":"4.0"}]
["Colhedeira automotriz","unidade",37,{"v":1,"d":"1.0"},{"v":1.59,"d":"1.6"},{"v":6,"d":"6.0"},{"v":59,"d":"59.0"}]
["Computador","unidade",3,{"v":1,"d":"1.0"},{"v":12.33,"d":"12.3"},{"v":32,"d":"32.0"},{"v":37,"d":"37.0"}]
["Conj.irrigacao autopropelido","unidade",5,{"v":1,"d":"1.0"},1.2,{"v":2,"d":"2.0"},{"v":6,"d":"6.0"}]
["Conj.irrigacao convencional","unidade",2,{"v":1,"d":"1.0"},1.5,{"v":2,"d":"2.0"},{"v":3,"d":"3.0"}]
["Conj.irrigacao pivot central","unidade",10,{"v":1,"d":"1.0"},1.8,{"v":4,"d":"4.0"},{"v":18,"d":"18.0"}]
["Conj.irrigacao/gotejamento/microaspersao","unidade",3,{"v":1,"d":"1.0"},{"v":1,"d":"1.0"},{"v":1,"d":"1.0"},{"v":3,"d":"3.0"}]
["Conjunto de fenacao","unidade",6,{"v":1,"d":"1.0"},{"v":1.17,"d":"1.2"},{"v":2,"d":"2.0"},{"v":7,"d":"7.0"}]
["Desintegrador de palha (plantio direto)","unidade",2,{"v":1,"d":"1.0"},{"v":1,"d":"1.0"},{"v":1,"d":"1.0"},{"v":2,"d":"2.0"}]
["Desintegrador, picador, triturador","unidade",72,{"v":1,"d":"1.0"},{"v":1.18,"d":"1.2"},{"v":3,"d":"3.0"},{"v":85,"d":"85.0"}]
["Distribuidor de calcario","unidade",14,{"v":1,"d":"1.0"},{"v":1.43,"d":"1.4"},{"v":3,"d":"3.0"},{"v":20,"d":"20.0"}]
["Ensiladeira","unidade",34,{"v":1,"d":"1.0"},{"v":1.09,"d":"1.1"},{"v":3,"d":"3.0"},{"v":37,"d":"37.0"}]
["Grade aradora (tipo romi)","unidade",18,{"v":1,"d":"1.0"},{"v":1.78,"d":"1.8"},{"v":6,"d":"6.0"},{"v":32,"d":"32.0"}]
["Grade niveladora","unidade",26,{"v":1,"d":"1.0"},{"v":1.62,"d":"1.6"},{"v":6,"d":"6.0"},{"v":42,"d":"42.0"}]
["Implementos para tracao animal","unidade",2,{"v":1,"d":"1.0"},{"v":1,"d":"1.0"},{"v":1,"d":"1.0"},{"v":2,"d":"2.0"}]
["Misturador de racao","unidade",9,{"v":1,"d":"1.0"},{"v":1.11,"d":"1.1"},{"v":2,"d":"2.0"},{"v":10,"d":"10.0"}]
["Mmicrotrator","unidade",6,{"v":1,"d":"1.0"},1.5,{"v":4,"d":"4.0"},{"v":9,"d":"9.0"}]
["Ordenhadeira mecanica","unidade",3,{"v":1,"d":"1.0"},{"v":1.33,"d":"1.3"},{"v":2,"d":"2.0"},{"v":4,"d":"4.0"}]
["Pulverizador tratorizado","unidade",97,{"v":1,"d":"1.0"},1.7,{"v":6,"d":"6.0"},{"v":165,"d":"165.0"}]
["Resfriador de leite, tanque expansao","unidade",5,{"v":1,"d":"1.0"},{"v":1,"d":"1.0"},{"v":1,"d":"1.0"},{"v":5,"d":"5.0"}]
["Roçadeira costal","unidade",1,{"v":2,"d":"2.0"},{"v":2,"d":"2.0"},{"v":2,"d":"2.0"},{"v":2,"d":"2.0"}]
["Roçadeira tratorizada","unidade",4,{"v":1,"d":"1.0"},{"v":2,"d":"2.0"},{"v":4,"d":"4.0"},{"v":8,"d":"8.0"}]
["Roçadora","unidade",7,{"v":1,"d":"1.0"},{"v":1.14,"d":"1.1"},{"v":2,"d":"2.0"},{"v":8,"d":"8.0"}]
["Semeadeira/adubadeira para plantio convencional","unidade",15,{"v":1,"d":"1.0"},1.6,{"v":5,"d":"5.0"},{"v":24,"d":"24.0"}]
["Semeadeira/plantadeira plantio direto","unidade",85,{"v":1,"d":"1.0"},{"v":1.62,"d":"1.6"},{"v":8,"d":"8.0"},{"v":138,"d":"138.0"}]
["Tecnologias de gps para controle de máquinas","unidade",1,{"v":1,"d":"1.0"},{"v":1,"d":"1.0"},{"v":1,"d":"1.0"},{"v":1,"d":"1.0"}]
["Terraceador","unidade",32,{"v":1,"d":"1.0"},{"v":1.16,"d":"1.2"},{"v":3,"d":"3.0"},{"v":37,"d":"37.0"}]
["Trator de esteiras","unidade",4,{"v":1,"d":"1.0"},{"v":2.25,"d":"2.3"},{"v":4,"d":"4.0"},{"v":9,"d":"9.0"}]
["Trator de pneus  acima de 85 cv","unidade",69,{"v":1,"d":"1.0"},{"v":4.09,"d":"4.1"},{"v":11,"d":"11.0"},{"v":282,"d":"282.0"}]
["Trator de pneus até 65 cv","unidade",27,{"v":1,"d":"1.0"},{"v":3.41,"d":"3.4"},{"v":34,"d":"34.0"},{"v":92,"d":"92.0"}]
["Trator de pneus de 66 cv a 85 cv","unidade",79,{"v":1,"d":"1.0"},{"v":2.78,"d":"2.8"},{"v":10,"d":"10.0"},{"v":220,"d":"220.0"}]
["Acude/represa","unidade",125,{"v":1,"d":"1.0"},{"v":1.92,"d":"1.9"},{"v":13,"d":"13.0"},{"v":240,"d":"240.0"}]
["Almoxarifado/oficina","unidade",46,{"v":1,"d":"1.0"},{"v":1.24,"d":"1.2"},{"v":5,"d":"5.0"},{"v":57,"d":"57.0"}]
["Armazem para graos ensacados","sacas",22]
["Balanca para bovinos","unidade",16,{"v":1,"d":"1.0"},{"v":1.13,"d":"1.1"},{"v":2,"d":"2.0"},{"v":18,"d":"18.0"}]
["Balanca para veiculos","unidade",7,{"v":1,"d":"1.0"},{"v":1,"d":"1.0"},{"v":1,"d":"1.0"},{"v":7,"d":"7.0"}]
["Barracao para granja/avicultura","unidade",11,{"v":1,"d":"1.0"},{"v":1.36,"d":"1.4"},{"v":3,"d":"3.0"},{"v":15,"d":"15.0"}]
["Barracao/galpao/garagem","unidade",207,{"v":1,"d":"1.0"},{"v":1.36,"d":"1.4"},{"v":9,"d":"9.0"},{"v":281,"d":"281.0"}]
["Casa de moradia habitada","unidade",223,{"v":1,"d":"1.0"},{"v":2.29,"d":"2.3"},{"v":38,"d":"38.0"},{"v":510,"d":"510.0"}]
["Casa de moradia total","unidade",252,{"v":1,"d":"1.0"},{"v":3.44,"d":"3.4"},{"v":50,"d":"50.0"},{"v":867,"d":"867.0"}]
["Curral/mangueira","unidade",173,{"v":1,"d":"1.0"},1.1,{"v":8,"d":"8.0"},{"v":190,"d":"190.0"}]
["Deposito/tulha","unidade",28,{"v":1,"d":"1.0"},{"v":1.21,"d":"1.2"},{"v":3,"d":"3.0"},{"v":34,"d":"34.0"}]
["Engenho","unidade",2,{"v":1,"d":"1.0"},{"v":1,"d":"1.0"},{"v":1,"d":"1.0"},{"v":2,"d":"2.0"}]
["Estabulo","unidade",13,{"v":1,"d":"1.0"},{"v":1.15,"d":"1.2"},{"v":3,"d":"3.0"},{"v":15,"d":"15.0"}]
["Fabrica de racao","unidade",6,{"v":1,"d":"1.0"},{"v":1,"d":"1.0"},{"v":1,"d":"1.0"},{"v":6,"d":"6.0"}]
["Instalacoes para equinos","unidade",25,{"v":1,"d":"1.0"},{"v":2.64,"d":"2.6"},{"v":18,"d":"18.0"},{"v":66,"d":"66.0"}]
["Maquina de beneficio","unidade",6,{"v":1,"d":"1.0"},{"v":1,"d":"1.0"},{"v":1,"d":"1.0"},{"v":6,"d":"6.0"}]
["Olaria","unidade",1,{"v":1,"d":"1.0"},{"v":1,"d":"1.0"},{"v":1,"d":"1.0"},{"v":1,"d":"1.0"}]
["Packing house","unidade",1,{"v":1,"d":"1.0"},{"v":1,"d":"1.0"},{"v":1,"d":"1.0"},{"v":1,"d":"1.0"}]
["Pocilga","unidade",18,{"v":1,"d":"1.0"},{"v":1.06,"d":"1.1"},{"v":2,"d":"2.0"},{"v":19,"d":"19.0"}]
["Poco semi-artesiano","unidade",23,{"v":1,"d":"1.0"},{"v":1.13,"d":"1.1"},{"v":2,"d":"2.0"},{"v":26,"d":"26.0"}]
["Secador de graos","unidade",4,{"v":1,"d":"1.0"},{"v":1,"d":"1.0"},{"v":1,"d":"1.0"},{"v":4,"d":"4.0"}]
["Silo para graos","ton",6]
["Silo para silagem","ton",9]
["Terreiro","m2",16]
["Usina de acucar/destilaria","unidade",1,{"v":1,"d":"1.0"},{"v":1,"d":"1.0"},{"v":1,"d":"1.0"},{"v":1,"d":"1.0"}]
["Fonte: Secretaria de Agricultura e Abastecimento, CDRS/IEA, Projeto LUPA."]
[]
["TABELA 355.4 - Outras Estatísticas Agrícolas, Município de Morro Agudo, Estado de São Paulo, 2016/17."]
["ITEM","Número de UPAs",null,"Percentual"]
["Faz Parte de Associação de Produtores",255,null,{"v":34.83606557377049,"d":"34.8"}]
["Faz Parte de Cooperativa de Produtores",498,null,{"v":68.0327868852459,"d":"68.0"}]
["Faz Parte do Sindicato de Produtores",344,null,{"v":46.994535519125684,"d":"47.0"}]
["Não utiliza assistência técnica ",132,null,{"v":18.0327868852459,"d":"18.0"}]
["Utiliza somente assistência técnica governamental ",318,null,{"v":43.442622950819676,"d":"43.4"}]
["Utiliza somente assistência técnica privada ",58,null,{"v":7.923497267759563,"d":"7.9"}]
["Utiliza assistência técnica tanto governamental quanto privada",224,null,{"v":30.601092896174865,"d":"30.6"}]
["Utiliza Crédito Rural",296,null,{"v":40.43715846994536,"d":"40.4"}]
["Utiliza Seguro Rural",82,null,{"v":11.202185792349725,"d":"11.2"}]
["Utiliza Escrituração Agrícola",722,null,{"v":98.63387978142076,"d":"98.6"}]
["Acessa Internet p/ Fins na Agropecuária",109,null,{"v":14.89071038251366,"d":"14.9"}]
["Utiliza Computador nas Atividades Agropecuárias",330,null,{"v":45.08196721311476,"d":"45.1"}]
["Utiliza Energia Elétrica Para Uso na Atividade Agrícola",379,null,{"v":51.775956284153004,"d":"51.8"}]
["Utiliza Energia Alternativa",1,null,{"v":0.13661202185792348,"d":"0.1"}]
["Realiza Análise de Solo, quando necessário",718,null,{"v":98.08743169398906,"d":"98.1"}]
["Realiza Calagem",657,null,{"v":89.75409836065573,"d":"89.8"}]
["Utiliza Práticas de Conservação de Solo, quando necessário",722,null,{"v":98.63387978142076,"d":"98.6"}]
["Faz Adubação Mineral, quando necessário",706,null,{"v":96.44808743169398,"d":"96.4"}]
["Faz Adubação Orgânica, quando necessário",28,null,{"v":3.825136612021858,"d":"3.8"}]
["Faz Adubação Verde, quando necessário",13,null,{"v":1.7759562841530057,"d":"1.8"}]
["Utiliza Manejo Integrado de Pragas (MIP)","-",null,"-"]
["Utiliza Hidroponia","-",null,"-"]
["Utiliza Cultivo em Estufa",4,null,{"v":0.5464480874316939,"d":"0.5"}]
["Utiliza Mudas Fiscalizadas",685,null,{"v":93.5792349726776,"d":"93.6"}]
["Utiliza Semente Melhorada",357,null,{"v":48.77049180327869,"d":"48.8"}]
["Faz Confinamento de Bovinos",21,null,{"v":2.8688524590163933,"d":"2.9"}]
["Utiliza Pastejo Intensivo",88,null,{"v":12.021857923497269,"d":"12.0"}]
["Faz Inseminação Artificial",7,null,{"v":0.9562841530054645,"d":"1.0"}]
["Faz Mineralização do Rebanho",107,null,{"v":14.617486338797812,"d":"14.6"}]
["Faz Vermifugação do Rebanho",106,null,{"v":14.480874316939891,"d":"14.5"}]
["Possui Parceiros /Arrendatários na Exploração Animal",193,null,{"v":26.366120218579237,"d":"26.4"}]
["Existência de trabalhadores c/ deficiência na UPA","-",null,"-"]
["Esporte e lazer",2,null,{"v":0.27322404371584696,"d":"0.3"}]
["Extração mineral","-",null,"-"]
["Hotel Fazenda, Pousada ou SPA","-",null,"-"]
["Pesque-pague",1,null,{"v":0.13661202185792348,"d":"0.1"}]
["Restaurante ou Lanchonete","-",null,"-"]
["Transformação artesanal","-",null,"-"]
["Turismo rural ou ecoturismo","-",null,"-"]
["Outras atividades econômicas rurais",3,null,{"v":0.4098360655737705,"d":"0.4"}]
["Agroindústria",2,null,{"v":0.27322404371584696,"d":"0.3"}]
["Proprietário sem instrução ou com instrução incompleta",1,null,{"v":0.13661202185792348,"d":"0.1"}]
["Proprietário com antigo primário completo",106,null,{"v":14.480874316939891,"d":"14.5"}]
["Proprietário com 1° grau (ou antigo ginasial) completo",32,null,{"v":4.371584699453551,"d":"4.4"}]
["Proprietário com 2° grau (ou antigo colegial) completo",180,null,{"v":24.59016393442623,"d":"24.6"}]
["Proprietário com curso superior completo ",354,null,{"v":48.36065573770492,"d":"48.4"}]
["Pessoa Jurídica",59,null,{"v":8.060109289617486,"d":"8.1"}]
["Proprietário residente na própria UPA ",39,null,{"v":5.327868852459017,"d":"5.3"}]
["Fonte: Secretaria de Agricultura e Abastecimento, CDRS/IEA, Projeto LUPA."]
[]
["TABELA 355.5 - Área Cultivada, Município de Morro Agudo, Estado de São Paulo, 2016/17."]
["CULTURA","N.DE UPAs","MÍNIMO","MÉDIO","MÁXIMO","TOTAL"]
["Cana-de-acucar finalidade industria",709,0.3,{"v":160.24,"d":"160.2"},{"v":2416.7,"d":"2,416.7"},{"v":113610.3,"d":"113,610.3"}]
["Soja",200,{"v":1,"d":"1.0"},{"v":57.84,"d":"57.8"},483.2,{"v":11568.8,"d":"11,568.8"}]
["Braquiaria",173,0.5,{"v":32.49,"d":"32.5"},{"v":614,"d":"614.0"},{"v":5621.6,"d":"5,621.6"}]
["Milho safra",13,{"v":1,"d":"1.0"},{"v":69.75,"d":"69.8"},{"v":626,"d":"626.0"},906.8]
["Eucalipto",11,{"v":1,"d":"1.0"},{"v":22.85,"d":"22.9"},{"v":174,"d":"174.0"},251.4]
["Milho-silagem",1,78.9,78.9,78.9,78.9]
["Outras gramineas para pastagem",3,{"v":15,"d":"15.0"},{"v":26,"d":"26.0"},{"v":33,"d":"33.0"},{"v":78,"d":"78.0"}]
["Capim-jaragua",1,69.9,69.9,69.9,69.9]
["Coloniao",1,{"v":46,"d":"46.0"},{"v":46,"d":"46.0"},{"v":46,"d":"46.0"},{"v":46,"d":"46.0"}]
["Gramas",4,0.6,{"v":6.65,"d":"6.7"},{"v":20,"d":"20.0"},26.6]
["Milho 2 safra",2,1.3,7.9,14.5,15.8]
["Sorgo",1,14.5,14.5,14.5,14.5]
["Seringueira",1,{"v":12,"d":"12.0"},{"v":12,"d":"12.0"},{"v":12,"d":"12.0"},{"v":12,"d":"12.0"}]
["Quiabo",1,7.1,7.1,7.1,7.1]
["Cafe",1,{"v":7,"d":"7.0"},{"v":7,"d":"7.0"},{"v":7,"d":"7.0"},{"v":7,"d":"7.0"}]
["Repolho",1,4.4,4.4,4.4,4.4]
["Brocolos (ou brocolis)",1,3.6,3.6,3.6,3.6]
["Couve-flor",1,3.6,3.6,3.6,3.6]
["Cana-de-acucar outras finalidades",1,1.5,1.5,1.5,1.5]
["Fonte: Secretaria de Agricultura e Abastecimento, CDRS/IEA, Projeto LUPA."]